[Event "Euskadi-chT (Vasca) Div 1st"]
[Site "Bergara"]
[Date "2017.01.14"]
[Round "1.1"]
[White "Ayesta Perojo, Enrique"]
[Black "Pastor Pons, Carlos Luis"]
[Result "1/2-1/2"]
[WhiteElo "2053"]
[BlackElo "2147"]
[PlyCount "95"]
[EventDate "2017.01.14"]
[EventType "team-tourn"]
[EventRounds "9"]
[EventCountry "ESP"]
[SourceTitle "EXT 2024"]
[Source "ChessBase"]
[SourceDate "2023.10.10"]
[SourceVersion "1"]
[SourceVersionDate "2023.10.10"]
[SourceQuality "1"]

1. c4 Nf6 2. Nc3 g6 3. e4 d6 4. d4 Bg7 5. Be2 0-0 6. Bg5 h6 7. Be3 c5 8. d5 e6 9. Qd2 exd5 10. exd5 Kh7 11. h3 Re8 12. Nf3 Bf5 13. 0-0 Ne4 14. Nxe4 Bxe4 15. Rae1 Nd7 16. b3 Bxf3 17. Bxf3 f5 18. Bd1 Qf6 19. Bc2 Re7 20. Bf4 Rae8 21. Rxe7 Qxe7 22. Qe3 Qxe3 23. fxe3 Be5 24. Bxe5 Nxe5 25. e4 fxe4 26. Bxe4 Kg7 27. Bc2 Nd7 28. Kf2 Rf8+ 29. Ke2 Rxf1 30. Kxf1 Kf6 31. Ke2 g5 32. g4 Ke5 33. Ke3 Nf6 34. a4 h5 35. Bf5 hxg4 36. hxg4 b6 37. Be6 Ne4 38. Bf5 Nc3 39. Kd3 Na2 40. Ke3 Nb4 41. Bg6 Na6 42. Bf5 Nb4 43. Bg6 a6 44. Bf5 a5 45. Bg6 Na2 46. Bf5 Nc3 47. Bc2 Na2 48. Bf5 1/2-1/2

[Event "San Fernando op 18th"]
[Site "San Fernando"]
[Date "2004.07.21"]
[Round "5"]
[White "Veingold, Aleksandr"]
[Black "Ayesta Perojo, Enrique"]
[Result "1-0"]
[WhiteElo "2474"]
[BlackElo "2087"]
[PlyCount "49"]
[EventDate "2004.07.18"]
[EventType "swiss"]
[EventRounds "8"]
[EventCountry "ESP"]
[SourceTitle "CBM 101 Extra"]
[Source "ChessBase"]
[SourceDate "2004.09.01"]
[SourceVersion "2"]
[SourceVersionDate "2004.09.01"]
[SourceQuality "1"]

1. d4 Nf6 2. Nf3 c5 3. d5 b5 4. Bg5 Qb6 5. Bxf6 exf6 6. e4 d6 7. Nbd2 g6 8. a4 b4 9. Bb5+ Nd7 10. Nc4 Qc7 11. Qd2 a6 12. Bc6 Bb7 13. Bxd7+ Kxd7 14. Qf4 Qd8 15. a5 Kc7 16. 0-0 Bg7 17. Nb6 Rb8 18. c3 bxc3 19. b4 cxb4 20. Ra4 Qe7 21. Rxb4 f5 22. exf5 Rhe8 23. fxg6 hxg6 24. Rc4+ Kd8 25. Ng5 1-0

[Event "San Fernando op 18th"]
[Site "San Fernando"]
[Date "2004.07.19"]
[Round "3"]
[White "Belezky, Alexander"]
[Black "Ayesta Perojo, Enrique"]
[Result "1-0"]
[WhiteElo "2413"]
[BlackElo "2087"]
[PlyCount "53"]
[EventDate "2004.07.18"]
[EventType "swiss"]
[EventRounds "8"]
[EventCountry "ESP"]
[SourceTitle "CBM 101 Extra"]
[Source "ChessBase"]
[SourceDate "2004.09.01"]
[SourceVersion "2"]
[SourceVersionDate "2004.09.01"]
[SourceQuality "1"]

1. e4 c6 2. d3 d5 3. Nd2 e5 4. Ngf3 Bd6 5. g3 Nf6 6. Bg2 0-0 7. 0-0 Nbd7 8. Re1 Re8 9. c3 a5 10. Qc2 Qc7 11. d4 dxe4 12. Nxe4 Nxe4 13. Rxe4 Nf6 14. Rh4 g6 15. dxe5 Bxe5 16. Nxe5 Qxe5 17. Be3 Qf5 18. Qc1 Ng4 19. Bh3 Qf3 20. Bd4 f5 21. Qg5 Bd7 22. Bg2 Qe2 23. Rxg4 fxg4 24. Qf6 Qe7 25. Qh8+ Kf7 26. Qxh7+ Kf8 27. Qh8+ 1-0

[Event "Euskadi-ch"]
[Site "San Sebastian"]
[Date "2004.04.15"]
[Round "4"]
[White "Espin, Jesus Maria"]
[Black "Ayesta Perojo, Enrique"]
[Result "1-0"]
[WhiteElo "2212"]
[BlackElo "2069"]
[PlyCount "61"]
[EventDate "2004.04.13"]
[EventType "swiss"]
[EventRounds "7"]
[EventCountry "ESP"]
[SourceTitle "EXT 2006"]
[Source "ChessBase"]
[SourceDate "2005.11.24"]
[SourceVersion "1"]
[SourceVersionDate "2005.11.24"]
[SourceQuality "1"]

1. d4 Nf6 2. Nf3 c5 3. c4 cxd4 4. Nxd4 e5 5. Nb5 d5 6. cxd5 Bc5 7. N5c3 0-0 8. e3 Qe7 9. a3 a5 10. Nd2 e4 11. Qa4 Bf5 12. g4 Bxg4 13. Bg2 Bd7 14. Qc4 Rc8 15. Ndxe4 Bxe3 16. Qe2 Bxc1 17. Rxc1 Nxe4 18. Qxe4 Qg5 19. 0-0 Re8 20. Qd3 Ra6 21. Ne4 Qh4 22. Rfe1 Rg6 23. Ng3 Qd8 24. Rxe8+ Bxe8 25. Qc3 Na6 26. Qc8 Qd7 27. Bh3 Qe7 28. Kf1 Qf8 29. Nf5 h6 30. Ne7+ Qxe7 31. Re1 1-0

[Event "Cullera op U2300 24th"]
[Site "Cullera"]
[Date "2003.07.18"]
[Round "2"]
[White "Garcia Amoros, Pablo"]
[Black "Ayesta Perojo, Enrique"]
[Result "1-0"]
[WhiteElo "2184"]
[BlackElo "2070"]
[PlyCount "47"]
[EventDate "2003.07.17"]
[EventType "swiss"]
[EventRounds "9"]
[EventCountry "ESP"]
[SourceTitle "CBM 095 Extra"]
[Source "ChessBase"]
[SourceDate "2003.09.04"]
[SourceVersion "1"]
[SourceVersionDate "2003.09.04"]
[SourceQuality "1"]

1. e4 c6 2. d4 d5 3. Nc3 dxe4 4. Nxe4 Nd7 5. Bc4 Ngf6 6. Ng5 e6 7. Qe2 Nb6 8. Bd3 h6 9. N5f3 e5 10. Be3 exd4 11. Bxd4+ Be7 12. 0-0-0 Qc7 13. Ne5 0-0 14. Ngf3 Nbd5 15. g4 Nf4 16. Qe1 Nxd3+ 17. Rxd3 Nd5 18. Kb1 Nb4 19. Rd2 b5 20. c3 Nd5 21. h4 Bb7 22. g5 hxg5 23. hxg5 Nf4 24. Rh2 1-0

[Event "Euskadi-chTB"]
[Site "Euskadi"]
[Date "2001.02.10"]
[Round "9"]
[White "Serras Uria, Antxon"]
[Black "Ayesta Perojo, Enrique"]
[Result "1-0"]
[WhiteElo "2218"]
[BlackElo "2075"]
[PlyCount "35"]
[EventDate "2000.11.18"]
[EventType "team-tourn"]
[EventRounds "9"]
[EventCountry "ESP"]
[SourceTitle "EXT 2006"]
[Source "ChessBase"]
[SourceDate "2005.11.24"]
[SourceVersion "1"]
[SourceVersionDate "2005.11.24"]
[SourceQuality "1"]

1. e4 c6 2. d4 d5 3. Nc3 dxe4 4. Nxe4 Nd7 5. Nf3 Ngf6 6. Ng3 Qc7 7. Bd3 e6 8. 0-0 Bd6 9. Qe2 0-0 10. Re1 b6 11. Ne5 Bb7 12. Bg5 Rfe8 13. Nh5 Bxe5 14. dxe5 Nxh5 15. Qxh5 Nf8 16. Re3 c5 17. Rae1 c4 18. Bxh7+ 1-0